000 00559nam a2200157 4500
008 170323b xxu||||| |||| 00| 0 eng d
022 _a01153544
082 _aDPer 338.05 En86 Apr-Jul 2015 v. 15, n. 158-161
100 _919506
_aBiolena, Renzie
245 _aHome sweet home:
_bmake sure you get the best terms when shopping for a home loan/
_cRenzie Biolena.
260 _aPhilippines:
_bSummit Media,
_cApr-Jul 2015.
300 _av15 n160, page 29:
_billustrations,
_c28 cm.
500 _aEntrepreneur.
650 0 _919507
_aLoans
942 _2ddc
_cPER
999 _c6440
_d6440